LEADER 00935nam0-22003131i-450- 001 990000054480403321 035 $a000005448 035 $aFED01000005448 035 $a(Aleph)000005448FED01 035 $a000005448 100 $a20011111d--------km-y0itay50------ba 101 0 $aita 105 $ay-------001yy 200 1 $aTrattato di igiene e tecnica ospedaliera$fEnrico Ronzani$gin collaborazione con A. Berti , P. Foltz , F. Fulcher , G.Sollazzo. 210 $aMilano$cGarzanti$d1942 215 $aIX, 965 p.$cill.$d25 cm 225 1 $aCollana di opere mediche 610 0 $aOspedali$aCostruzione 610 0 $aOspedali 676 $a725.5 700 1$aRonzani,$bEnrico$03791 801 0$aIT$bUNINA$gRICA$2UNIMARC 901 $aBK 912 $a990000054480403321 952 $a13 E 25 23$b18359$fFINBC 959 $aFINBC 996 $aTrattato di igiene e tecnica ospedaliera$9111902 997 $aUNINA DB $aING01 LEADER 01026nam a2200265 i 4500 001 991001810319707536 005 20020507152016.0 008 000504s1974 it ||| | ita 035 $ab11567260-39ule_inst 035 $aLE02725558$9ExL 040 $aDip.to Studi Giuridici$bita 082 0 $a342 084 $aAM-IV/E 100 1 $aOrlando, Leoluca$0271922 245 10$aContributo allo studio del coordinamento amministrativo /$cOrlando Leoluca 260 $aMilano :$bA. Giuffrè,$c1974 300 $a251 p. ;$c25 cm. 490 0 $aPubblicazioni a cura della Facoltà di giurisprudenza. Università di Palermo ;$v37 650 4$aAmministrazione pubblica$xOrganizzazione 907 $a.b11567260$b01-03-17$c02-07-02 912 $a991001810319707536 945 $aLE027 AM-IV/E 6$g1$i2027000162291$lle027$o-$pE0.00$q-$rl$s- $t0$u1$v0$w1$x0$y.i11771021$z02-07-02 996 $aContributo allo studio del coordinamento amministrativo$9195494 997 $aUNISALENTO 998 $ale027$b01-01-00$cm$da $e-$fita$git $h0$i1